[Event "Hessen Senioren-ch 2012  8th"]
[Site "Bad Sooden-Adf. (14.4.-22.4)"]
[Date "2012.04.19"]
[Round "6.61"]
[White "Scholze, Roland"]
[Black "Daebel, Hasso Dr"]
[Result "0-1"]
[WhiteElo "1630"]
[BlackElo "1473"]
[PlyCount "82"]
[EventDate "2012.04.??"]
[EventType "swiss"]
[EventRounds "9"]
[EventCountry "GER"]
[WhiteTeam "Dresden Lok SV"]
[BlackTeam "Drewer 54 SG"]

1. e4 c5 2. Nc3 e6 3. f4 Nc6 4. Nf3 g6 5. Bb5 Nge7 6. O-O a6 7. Be2 Bg7 8. d3
Nd4 9. Kh1 b5 10. e5 Bb7 11. Ne4 Bxe4 12. dxe4 Nxe2 13. Qxe2 Qc7 14. b3 O-O 15.
Bb2 d6 16. exd6 Qxd6 17. Bxg7 Kxg7 18. Ng5 h6 19. e5 Qc6 20. Ne4 Nf5 21. c3
Rad8 22. Rad1 Rd5 23. Nf6 Rxd1 24. Rxd1 c4 25. b4 Qa8 26. Qd2 Qa7 27. Ne4 Ne3
28. Qf2 Ra8 29. Re1 Nd5 30. Qd2 a5 31. a3 axb4 32. axb4 Qa2 33. Qc1 Ra3 34. g3
Qb3 35. Re2 Ra2 36. Rxa2 Qxa2 37. Nd6 Qa6 38. Qd2 Nc7 39. Kg2 Qa8+ 40. Kf2 Qd5
41. Kg1 Qxd2 0-1

[Event "Hessen Senioren-ch 2012  8th"]
[Site "Bad Sooden-Adf. (14.4.-22.4)"]
[Date "2012.04.19"]
[Round "6.62"]
[White "Strozewski, Guenter"]
[Black "Piastowski, Kurt"]
[Result "0-1"]
[WhiteElo "1526"]
[BlackElo "1749"]
[PlyCount "98"]
[EventDate "2012.04.??"]
[EventType "swiss"]
[EventRounds "9"]
[EventCountry "GER"]
[WhiteTeam "Erkenschwick SV"]
[BlackTeam "Lüneburg Turm SC"]

1. e4 e5 2. Nf3 Nc6 3. d4 exd4 4. Nxd4 d5 5. Nxc6 bxc6 6. Be2 Bb7 7. e5 Bc5 8.
O-O Ne7 9. e6 O-O 10. Bg4 fxe6 11. Bxe6+ Kh8 12. Bg5 Ba6 13. Bh4 Bxf1 14. Qxf1
Qd6 15. Qe2 Nf5 16. Bxf5 Rxf5 17. Nd2 Qd7 18. Nf3 Re8 19. Qd3 h6 20. c3 Rf7 21.
b4 Bd6 22. Qa6 c5 23. Qxa7 cxb4 24. cxb4 Bxb4 25. Qd4 Bd6 26. Rd1 c6 27. Bg3
Rfe7 28. Qc3 Bxg3 29. hxg3 Re2 30. a3 Rc8 31. Nd4 Re4 32. Nf3 Qf5 33. Nh4 Qe6
34. Nf3 c5 35. a4 d4 36. Qd2 Re2 37. Qf4 Qe4 38. Qf7 Qc2 39. Rf1 Qxa4 40. Nh4
Qe8 41. Ng6+ Kh7 42. Qf5 Kg8 43. Qd5+ Qf7 44. Qh5 Re6 45. Nf4 Qxh5 46. Nxh5
Rce8 47. Nf4 Re1 48. Nd3 Rxf1+ 49. Kxf1 c4 0-1

[Event "Hessen Senioren-ch 2012  8th"]
[Site "Bad Sooden-Adf. (14.4.-22.4)"]
[Date "2012.04.19"]
[Round "6.63"]
[White "Krueger, Bernhard"]
[Black "Draxler, Gottfried"]
[Result "0-1"]
[WhiteElo "1530"]
[BlackElo "1697"]
[PlyCount "102"]
[EventDate "2012.04.??"]
[EventType "swiss"]
[EventRounds "9"]
[EventCountry "GER"]
[WhiteTeam "Grunbach SC"]
[BlackTeam "Neuberg Sfr."]

1. c4 c5 2. Nc3 Nc6 3. g3 b6 4. Bg2 Bb7 5. e3 e6 6. Nge2 Nf6 7. O-O Be7 8. d4
cxd4 9. exd4 d5 10. cxd5 Nxd5 11. Nxd5 exd5 12. Nf4 Na5 13. Qg4 O-O 14. h4 Qd6
15. Nh5 Qg6 16. Qf3 Rad8 17. Re1 Bb4 18. Re5 f6 19. Rf5 Bc8 20. Rxd5 Bg4 21.
Nf4 Bxf3 22. Nxg6 Bxg2 23. Rxd8 Rxd8 24. Nf4 Bf3 25. Be3 Rc8 26. Nd3 Bd6 27.
Ne1 Bd5 28. b3 Kf7 29. Nd3 g6 30. Nf4 Bf3 31. Nd3 Nb7 32. Ne1 Bd5 33. Nd3 Nd8
34. Nf4 Bf3 35. Nd3 Ne6 36. Ne1 Bd5 37. f4 Be4 38. Kf2 h5 39. a3 Ng7 40. b4 Nf5
41. Rc1 Rxc1 42. Bxc1 Ke6 43. Bb2 Kd5 44. Nf3 Bxf3 45. Kxf3 Nxd4+ 46. Ke3 Nf5+
47. Kf3 Be7 48. Bc3 Kc4 49. Be1 Kd3 50. g4 Nd4+ 51. Kg3 f5 0-1

[Event "Hessen Senioren-ch 2012  8th"]
[Site "Bad Sooden-Adf. (14.4.-22.4)"]
[Date "2012.04.19"]
[Round "6.64"]
[White "Knaak, Hans"]
[Black "Bendisch, Juergen Dr"]
[Result "1/2-1/2"]
[WhiteElo "1582"]
[BlackElo "1692"]
[PlyCount "52"]
[EventDate "2012.04.??"]
[EventType "swiss"]
[EventRounds "9"]
[EventCountry "GER"]
[WhiteTeam "Forster 95 SC"]
[BlackTeam "Hennef 1927 SV"]

1. d4 d5 2. c4 c6 3. Nf3 e6 4. Nc3 Nf6 5. Bg5 Be7 6. e3 h6 7. Bxf6 Bxf6 8. Bd3
Nd7 9. O-O O-O 10. Rc1 dxc4 11. Bxc4 e5 12. d5 Nb6 13. Bb3 cxd5 14. Nxd5 Bg4
15. e4 Rc8 16. Qd3 Nxd5 17. Bxd5 b6 18. h3 Bxf3 19. Qxf3 Bg5 20. Rc3 Rxc3 21.
Qxc3 Qc8 22. Qc4 Qxc4 23. Bxc4 Rc8 24. b3 Kf8 25. Rd1 Rd8 26. Rxd8+ Bxd8
1/2-1/2

[Event "Hessen Senioren-ch 2012  8th"]
[Site "Bad Sooden-Adf. (14.4.-22.4)"]
[Date "2012.04.19"]
[Round "6.66"]
[White "Willms, Willi"]
[Black "Schmieder, Wolfgang"]
[Result "1-0"]
[WhiteElo "1695"]
[BlackElo "1551"]
[PlyCount "77"]
[EventDate "2012.04.??"]
[EventType "swiss"]
[EventRounds "9"]
[EventCountry "GER"]
[WhiteTeam "Rheydter SV"]
[BlackTeam "Kassel SVH"]

1. e4 c5 2. Nf3 Nc6 3. d4 cxd4 4. Nxd4 Nxd4 5. Qxd4 d6 6. Bc4 e6 7. Nc3 a6 8.
O-O b5 9. Bb3 Bb7 10. Be3 Nf6 11. f3 Be7 12. Rad1 O-O 13. a3 Rc8 14. Qd2 Nd7
15. Qf2 Nc5 16. Ba2 Qc7 17. Rd2 Bf6 18. Nd1 Qe7 19. b4 Na4 20. Bb3 Nc3 21. Nxc3
Bxc3 22. Rd3 Rfd8 23. Rfd1 Rc6 24. Qg3 Kh8 25. Rxc3 Rxc3 26. Bd4 f6 27. Bxc3 d5
28. exd5 exd5 29. Qf2 Qc7 30. Bd4 Re8 31. Kf1 Qxh2 32. Qg1 Qg3 33. c3 h5 34.
Qh1 Qg5 35. Bc2 Bc8 36. Kf2 Bf5 37. Bxf5 Qxf5 38. Rd2 g5 39. Qxh5+ 1-0

[Event "Hessen Senioren-ch 2012  8th"]
[Site "Bad Sooden-Adf. (14.4.-22.4)"]
[Date "2012.04.19"]
[Round "6.67"]
[White "Hielscher, Klaus-Wieprecht"]
[Black "Stuiber, WIlhelm"]
[Result "1-0"]
[WhiteElo "1545"]
[BlackElo "1642"]
[PlyCount "59"]
[EventDate "2012.04.??"]
[EventType "swiss"]
[EventRounds "9"]
[EventCountry "GER"]
[WhiteTeam "Braunschweiger SF"]
[BlackTeam "Euskirchen SK"]

1. c4 Nf6 2. Nc3 d6 3. Nf3 b6 4. d4 Bb7 5. d5 g6 6. g3 Bg7 7. Bg2 O-O 8. e4 Re8
9. O-O e5 10. dxe6 Rxe6 11. Ng5 Re8 12. Re1 Nbd7 13. e5 Bxg2 14. exf6 Rxe1+ 15.
Qxe1 Bxf6 16. Kxg2 Bxg5 17. Bxg5 Qxg5 18. Nd5 Kf8 19. f4 Qd8 20. Qc3 f6 21. Re1
c6 22. Ne7 Qc7 23. Qe3 Nc5 24. b4 Na4 25. Qe6 Kg7 26. h4 h5 27. f5 g5 28. hxg5
Rf8 29. gxf6+ Kh7 30. f7 1-0

[Event "Hessen Senioren-ch 2012  8th"]
[Site "Bad Sooden-Adf. (14.4.-22.4)"]
[Date "2012.04.19"]
[Round "6.68"]
[White "Brandt, Fred(36)"]
[Black "Preiss, Lore"]
[Result "1-0"]
[WhiteElo "1687"]
[BlackElo "1524"]
[PlyCount "65"]
[EventDate "2012.04.??"]
[EventType "swiss"]
[EventRounds "9"]
[EventCountry "GER"]
[WhiteTeam "Berlin Königsjäger SW SV"]
[BlackTeam "Steinhagen SK"]

1. d4 d5 2. Nf3 Nf6 3. e3 b6 4. Bd3 Ba6 5. Bxa6 Nxa6 6. Qd3 Nb8 7. c4 e6 8.
cxd5 exd5 9. O-O Be7 10. Nc3 O-O 11. e4 dxe4 12. Nxe4 Nxe4 13. Qxe4 Nd7 14. Re1
Re8 15. Bf4 Bd6 16. Ne5 Nf6 17. Qc6 Bb4 18. Red1 Nd5 19. Qc4 Bf8 20. Rac1 h6
21. Bg3 a6 22. a3 b5 23. Qb3 Rc8 24. Qf3 Nf6 25. Rc6 Ra8 26. Bh4 Bd6 27. Ng4
Qe7 28. Nxf6+ gxf6 29. Rcc1 Kg7 30. Kf1 Rg8 31. Re1 Qd8 32. Re4 Be7 33. Rce1
1-0

[Event "Hessen Senioren-ch 2012  8th"]
[Site "Bad Sooden-Adf. (14.4.-22.4)"]
[Date "2012.04.19"]
[Round "6.69"]
[White "Schneider, Hans(31)"]
[Black "Schuetze, Manfred(41)"]
[Result "1/2-1/2"]
[WhiteElo "1491"]
[BlackElo "1633"]
[PlyCount "44"]
[EventDate "2012.04.??"]
[EventType "swiss"]
[EventRounds "9"]
[EventCountry "GER"]
[WhiteTeam "Oberhausen SW SV"]
[BlackTeam "Gräfenhainichen VfL"]

1. Nf3 d5 2. g3 c5 3. Bg2 Nc6 4. d3 e5 5. Nbd2 Nf6 6. O-O Be7 7. c3 O-O 8. Re1
Qc7 9. Qc2 Re8 10. e4 dxe4 11. dxe4 h6 12. Nc4 Be6 13. Ne3 Bf8 14. b3 Rad8 15.
Bb2 g6 16. Nd2 Qb8 17. Rac1 Rd7 18. Ndf1 Red8 19. Rcd1 Qc7 20. a3 Rxd1 21. Rxd1
Rxd1 22. Qxd1 Qd8 1/2-1/2

[Event "Hessen Senioren-ch 2012  8th"]
[Site "Bad Sooden-Adf. (14.4.-22.4)"]
[Date "2012.04.19"]
[Round "6.70"]
[White "Husser, Oskar"]
[Black "Paulin, Dieter"]
[Result "1-0"]
[WhiteElo "1649"]
[BlackElo "1493"]
[PlyCount "93"]
[EventDate "2012.04.??"]
[EventType "swiss"]
[EventRounds "9"]
[EventCountry "GER"]
[WhiteTeam "Falkensee Caissa SC"]
[BlackTeam "Dingelstädt 1921 SK"]

1. Nf3 Nf6 2. g3 d5 3. Bg2 e6 4. d3 Nbd7 5. Nbd2 c5 6. O-O Qc7 7. c4 Be7 8. b3
O-O 9. Bb2 d4 10. e3 e5 11. Re1 Bd6 12. Ng5 Nb6 13. Nde4 Nxe4 14. Nxe4 Be7 15.
exd4 cxd4 16. a3 Be6 17. Bc1 f6 18. Ra2 Nd7 19. Rc2 Rac8 20. b4 b6 21. f4 f5
22. Nf2 Bf6 23. Rce2 e4 24. dxe4 Qxc4 25. e5 Be7 26. Rd2 Qc3 27. Rxd4 Rfd8 28.
Rd3 Qc4 29. Bf1 Qc6 30. Bb2 b5 31. Rc3 Bc4 32. Bxc4+ bxc4 33. Qc2 g6 34. Bc1
Nb6 35. Qe2 Nd5 36. Rc2 a6 37. Nd1 c3 38. Qf3 Qc4 39. Ne3 Nxe3 40. Rxe3 Qd4 41.
Kg2 Bxb4 42. axb4 Qxb4 43. Rexc3 Rxc3 44. Qxc3 Qe4+ 45. Kh3 Rd4 46. Bb2 g5 47.
Qc8+ 1-0

[Event "Hessen Senioren-ch 2012  8th"]
[Site "Bad Sooden-Adf. (14.4.-22.4)"]
[Date "2012.04.19"]
[Round "6.71"]
[White "Bill, Eugen"]
[Black "Papenkordt, Karl-Hermann"]
[Result "1-0"]
[WhiteElo "1558"]
[BlackElo "1628"]
[PlyCount "97"]
[EventDate "2012.04.??"]
[EventType "swiss"]
[EventRounds "9"]
[EventCountry "GER"]
[WhiteTeam "Limburg Lahn SV"]
[BlackTeam "Witten SG"]

1. d4 Nf6 2. Nf3 g6 3. Bf4 Bg7 4. Nbd2 O-O 5. e3 d6 6. Bd3 Nbd7 7. h4 Nh5 8.
Bg5 h6 9. g4 Nhf6 10. Bxf6 Nxf6 11. g5 Ng4 12. gxh6 Bxh6 13. c3 e5 14. Qc2 f5
15. dxe5 dxe5 16. Bc4+ Kg7 17. Rd1 Qf6 18. Nf1 Be6 19. Qb3 Bxc4 20. Qxc4 Rf7
21. Ng3 Bxe3 22. fxe3 Nxe3 23. Qb3 Nxd1 24. Kxd1 Qd6+ 25. Kc1 e4 26. Ng5 Re7
27. Rg1 Qf4+ 28. Kb1 Rae8 29. Nh5+ gxh5 30. Nh3+ Qg4 31. Rxg4+ hxg4 32. Nf4 c6
33. Qa4 a6 34. Qd4+ Re5 35. Nh5+ Kg6 36. Qe3 Kf7 37. Qg5 Ke6 38. Ng7+ Kf7 39.
Nxe8 Kxe8 40. Qe3 Re6 41. Kc2 Rd6 42. Qf4 Rd5 43. Qb8+ Kf7 44. Qxb7+ Ke6 45.
Qxc6+ Rd6 46. Qe8+ Kf6 47. h5 g3 48. Qg6+ Ke5 49. Qxg3+ 1-0

[Event "Hessen Senioren-ch 2012  8th"]
[Site "Bad Sooden-Adf. (14.4.-22.4)"]
[Date "2012.04.19"]
[Round "6.72"]
[White "Roth, Reinhard"]
[Black "Fuhlrott, Heinz"]
[Result "1-0"]
[WhiteElo "1596"]
[BlackElo "1501"]
[PlyCount "77"]
[EventDate "2012.04.??"]
[EventType "swiss"]
[EventRounds "9"]
[EventCountry "GER"]
[WhiteTeam "Königstein/Schwalbach Sfr."]
[BlackTeam "Winsen Fichte MTV"]

1. e4 c6 2. Nc3 d5 3. Nf3 dxe4 4. Nxe4 Bf5 5. Ng3 Bg4 6. Bc4 e6 7. h3 Bxf3 8.
Qxf3 Nf6 9. d3 Nbd7 10. Qe2 Be7 11. O-O O-O 12. c3 Qc7 13. d4 Rad8 14. Bg5 h6
15. Bd2 c5 16. Bb3 Nb6 17. Rac1 c4 18. Bc2 Nbd5 19. Ne4 b5 20. g3 Qc8 21. Kg2
Nxe4 22. Qxe4 Nf6 23. Qe2 Rd5 24. Rce1 Qa8 25. Kh2 Bd6 26. f4 h5 27. b3 Qc6 28.
g4 hxg4 29. hxg4 g6 30. Rh1 Kg7 31. Kg1 a5 32. Qh2 Nh5 33. Be4 Qc8 34. Bxd5
exd5 35. gxh5 Qg4+ 36. Qg2 gxh5 37. Rxh5 Qxg2+ 38. Kxg2 Be7 39. Rxd5 1-0

[Event "Hessen Senioren-ch 2012  8th"]
[Site "Bad Sooden-Adf. (14.4.-22.4)"]
[Date "2012.04.19"]
[Round "6.73"]
[White "Klose, Hans-Peter"]
[Black "Berger, Eduard"]
[Result "0-1"]
[WhiteElo "1442"]
[BlackElo "1677"]
[PlyCount "72"]
[EventDate "2012.04.??"]
[EventType "swiss"]
[EventRounds "9"]
[EventCountry "GER"]
[WhiteTeam "Göttingen Rot-Weiß ESV"]
[BlackTeam "Stadtallendorf SK"]

1. c4 e5 2. g3 d6 3. Bg2 f5 4. d3 Nf6 5. e3 Be7 6. Nc3 O-O 7. Nd5 Nbd7 8. Nxe7+
Qxe7 9. Ne2 a5 10. O-O c6 11. Nc3 Kh8 12. b3 Rf7 13. Bb2 Nf8 14. d4 e4 15. Ne2
Bd7 16. Nf4 Ne6 17. d5 Nxf4 18. exf4 cxd5 19. Bxf6 Qxf6 20. Qxd5 Bc6 21. Qd2
Rd7 22. Rfd1 d5 23. Qd4 Qxd4 24. Rxd4 Rad8 25. c5 g6 26. Rb1 Kg7 27. b4 axb4
28. Rbxb4 Ra8 29. Rb2 Ra5 30. Rc2 Rd8 31. Bf1 Rda8 32. Rb2 Kf6 33. Kg2 Ra3 34.
Rdd2 Rc3 35. Rdc2 Rxc2 36. Rxc2 d4 0-1

[Event "Hessen Senioren-ch 2012  8th"]
[Site "Bad Sooden-Adf. (14.4.-22.4)"]
[Date "2012.04.19"]
[Round "6.74"]
[White "Mayeres, Hans-Christian"]
[Black "Graffenberger, Wilhelm"]
[Result "1-0"]
[WhiteElo "1663"]
[BlackElo "1484"]
[PlyCount "71"]
[EventDate "2012.04.??"]
[EventType "swiss"]
[EventRounds "9"]
[EventCountry "GER"]
[WhiteTeam "Recklinghausen 06 SK"]
[BlackTeam "Hamburger SK"]

1. c4 e5 2. Nc3 Nf6 3. g3 Nc6 4. Bg2 Bb4 5. e4 d6 6. Nge2 O-O 7. O-O Be6 8. Nd5
Bc5 9. d3 h6 10. Rb1 a5 11. a3 Ba7 12. b4 axb4 13. axb4 Nd4 14. b5 Bg4 15. Ndc3
Bc5 16. h3 Bf3 17. Bxf3 Nxf3+ 18. Kg2 Nd4 19. f4 Nh7 20. Bb2 c6 21. Nxd4 Bxd4
22. Qc2 f5 23. Ne2 Ra2 24. Nxd4 exd4 25. Qb3 Qa5 26. c5+ Kh8 27. cxd6 fxe4 28.
dxe4 Nf6 29. Qd3 Qc3 30. Qe2 Re8 31. e5 cxb5 32. Rf2 d3 33. Bxc3 Rxe2 34. Rxe2
Nd7 35. Rd2 Nc5 36. Kf3 1-0

[Event "Hessen Senioren-ch 2012  8th"]
[Site "Bad Sooden-Adf. (14.4.-22.4)"]
[Date "2012.04.19"]
[Round "6.76"]
[White "Gelzinnus, Siegfried"]
[Black "Goepfart, Dietrich"]
[Result "1-0"]
[WhiteElo "1615"]
[BlackElo "1438"]
[PlyCount "89"]
[EventDate "2012.04.??"]
[EventType "swiss"]
[EventRounds "9"]
[EventCountry "GER"]
[WhiteTeam "Wetzlar Anderssen Sfr."]
[BlackTeam "Weimar Vimaria 91 SSV"]

1. b4 e5 2. Bb2 d6 3. e3 a6 4. a4 Bd7 5. c4 Nc6 6. b5 Nce7 7. Nc3 Nf6 8. g3 c5
9. Bg2 Rb8 10. Nh3 h6 11. O-O Qc8 12. Nf4 exf4 13. gxf4 Bh3 14. Bxh3 Qxh3 15.
f3 Qc8 16. Rf2 Ng6 17. Rg2 Be7 18. Ne4 Kf8 19. Kf2 Nxe4+ 20. fxe4 Bf6 21. Bxf6
gxf6 22. Rg4 f5 23. exf5 Qxf5 24. Qf3 Re8 25. Ra3 Ne5 26. fxe5 Qxf3+ 27. Kxf3
Rxe5 28. bxa6 bxa6 29. Rb3 h5 30. Rb8+ Ke7 31. Rxh8 hxg4+ 32. Kxg4 Re4+ 33. Kf5
Rxc4 34. h4 Rxa4 35. h5 Ra5 36. h6 c4+ 37. Kg4 f6 38. h7 Rg5+ 39. Kh4 Kf7 40.
Re8 Kxe8 41. h8=Q+ Kf7 42. Qh7+ Ke6 43. Qe4+ Kd7 44. Qxc4 a5 45. Qf7+ 1-0

[Event "Hessen Senioren-ch 2012  8th"]
[Site "Bad Sooden-Adf. (14.4.-22.4)"]
[Date "2012.04.19"]
[Round "6.77"]
[White "Hopp, Barbara Dr"]
[Black "Viererbe, Hartmut"]
[Result "0-1"]
[WhiteElo "1413"]
[BlackElo "1607"]
[PlyCount "66"]
[EventDate "2012.04.??"]
[EventType "swiss"]
[EventRounds "9"]
[EventCountry "GER"]
[WhiteTeam "Oberursel SV"]
[BlackTeam "Nordhausen 51 SC"]

1. d4 Nf6 2. f3 d5 3. e4 dxe4 4. Nc3 Bf5 5. fxe4 Nxe4 6. Qf3 Nxc3 7. Qxf5 e6 8.
Qd3 Nd5 9. Nf3 c6 10. Be2 Bd6 11. Bd2 Nf4 12. Bxf4 Bxf4 13. O-O Qc7 14. h3 Nd7
15. Qe4 Nf6 16. Qd3 Rd8 17. Qb3 O-O 18. c3 Be3+ 19. Kh1 Ne4 20. Ne5 Ng3+ 21.
Kh2 Nxe2 22. g3 Nxd4 23. cxd4 Bxd4 24. Nxf7 Rxf7 25. Qxe6 Qe7 26. Qc4 b5 27.
Qb3 Qe2+ 28. Kh1 Rd5 29. Rxf7 Kxf7 30. Rd1 Qf2 31. a3 Be3 32. Rb1 Qxg3 33. Rf1+
Bf4 0-1

[Event "Hessen Senioren-ch 2012  8th"]
[Site "Bad Sooden-Adf. (14.4.-22.4)"]
[Date "2012.04.19"]
[Round "6.78"]
[White "Wilfert, Eva-Maria"]
[Black "Van Vorselen, Theo"]
[Result "1-0"]
[WhiteElo "1469"]
[BlackElo "1551"]
[PlyCount "72"]
[EventDate "2012.04.??"]
[EventType "swiss"]
[EventRounds "9"]
[EventCountry "GER"]
[WhiteTeam "Hof PTSV SK"]
[BlackTeam "NED/Den Haag DD"]
[BlackTeamCountry "NED"]

1. e4 c5 2. Nf3 Nc6 3. Bc4 d6 4. d4 cxd4 5. Nxd4 Nf6 6. Nc3 e6 7. Bb5 Bd7 8.
O-O Be7 9. Re1 O-O 10. Be3 Qc7 11. Nf3 a6 12. Be2 Rac8 13. a3 Rfd8 14. Bd3 Na5
15. Nd2 Nc6 16. Nf3 Be8 17. Qe2 d5 18. exd5 exd5 19. Bg5 Qd6 20. Rad1 Bd7 21.
Bxf6 Bxf6 22. Be4 Bxc3 23. bxc3 Ne7 24. Qd3 h6 25. c4 Be6 26. cxd5 Bxd5 27.
Bxd5 Qf6 28. Bxf7+ Kxf7 29. Qb3+ Kf8 30. Rxd8+ Rxd8 31. h3 Rd7 32. c3 Rc7 33.
Nd4 Rd7 34. Re6 Qf4 35. Re3 Ke8 36. Ne6 g5 1-0

[Event "Hessen Senioren-ch 2012  8th"]
[Site "Bad Sooden-Adf. (14.4.-22.4)"]
[Date "2012.04.19"]
[Round "6.79"]
[White "Kirchberg, Hans-Georg"]
[Black "Neumann, Peter Dr(39)"]
[Result "0-1"]
[WhiteElo "1598"]
[BlackElo "1462"]
[PlyCount "72"]
[EventDate "2012.04.??"]
[EventType "swiss"]
[EventRounds "9"]
[EventCountry "GER"]
[WhiteTeam "Dingelstädt SK"]
[BlackTeam "Warnemünde SF"]

1. d4 Nf6 2. Nf3 g6 3. c4 Bg7 4. Nc3 d6 5. h3 Nbd7 6. Bf4 O-O 7. e4 Re8 8. Be3
e5 9. d5 a5 10. Be2 c6 11. O-O Nc5 12. Qc2 Nh5 13. a3 f5 14. b4 Nxe4 15. Nxe4
fxe4 16. Nd2 Nf6 17. Nxe4 Nxe4 18. Qxe4 Bf5 19. Qf3 e4 20. Qf4 Bxa1 21. Rxa1
Rf8 22. Bd4 axb4 23. Qh6 Qe7 24. g4 Bd7 25. h4 bxa3 26. h5 Be8 27. f4 exf3 28.
Bd3 f2+ 29. Kf1 gxh5 30. gxh5 Bd7 31. Kg2 Bh3+ 32. Kh2 f1=Q 33. Bxh7+ Qxh7 34.
Qg5+ Kf7 35. Rxf1+ Bxf1 36. Qf6+ Ke8 0-1

[Event "Hessen Senioren-ch 2012  8th"]
[Site "Bad Sooden-Adf. (14.4.-22.4)"]
[Date "2012.04.19"]
[Round "6.81"]
[White "Stratmann, Alois"]
[Black "Burkardt, Robert"]
[Result "0-1"]
[WhiteElo "1382"]
[BlackElo "1521"]
[PlyCount "76"]
[EventDate "2012.04.??"]
[EventType "swiss"]
[EventRounds "9"]
[EventCountry "GER"]
[WhiteTeam "Ahlen 1954 SV"]
[BlackTeam "Fechenheim SV"]

1. c4 e5 2. Nf3 Nc6 3. Nc3 b6 4. g3 Bb7 5. Bg2 d6 6. O-O Nf6 7. d3 Be7 8. Qa4
Qd7 9. a3 Nd8 10. Qxd7+ Nxd7 11. b4 O-O 12. Nd5 Bxd5 13. cxd5 Rc8 14. Bd2 c5
15. dxc6 Nxc6 16. Rac1 Ncb8 17. h4 g6 18. Rxc8 Rxc8 19. Rc1 Rxc1+ 20. Bxc1 Kg7
21. Nh2 f5 22. Nf1 Nf6 23. Nd2 Nbd7 24. Nc4 Kf7 25. f4 Ke6 26. e4 Bf8 27. exf5+
gxf5 28. Bh3 Ng4 29. Bxg4 fxg4 30. h5 exf4 31. Bxf4 h6 32. Ne3 Nf6 33. Kg2 Nxh5
34. Nxg4 Nxf4+ 35. gxf4 Kd5 36. Kf2 Kd4 37. Ke2 Kc3 38. b5 Kb3 0-1

[Event "Hessen Senioren-ch 2012  8th"]
[Site "Bad Sooden-Adf. (14.4.-22.4)"]
[Date "2012.04.19"]
[Round "6.82"]
[White "Rollwitz, Inge"]
[Black "Jobski, Werner"]
[Result "1/2-1/2"]
[WhiteElo "1255"]
[BlackElo "1483"]
[PlyCount "41"]
[EventDate "2012.04.??"]
[EventType "swiss"]
[EventRounds "9"]
[EventCountry "GER"]
[WhiteTeam "Berlin Wedding SG"]
[BlackTeam "Schwerte 1951 Sfr."]

1. d4 Nf6 2. c4 d5 3. Nc3 c6 4. e3 g6 5. Nf3 Bg7 6. cxd5 cxd5 7. Bb5+ Bd7 8.
Bxd7+ Nbxd7 9. O-O O-O 10. b3 Re8 11. Bb2 Rc8 12. Rc1 e6 13. Nb5 Rxc1 14. Qxc1
Qb6 15. Nc3 Rc8 16. Qb1 a6 17. Rc1 Qd6 18. Ne2 Rxc1+ 19. Qxc1 Qc6 20. Qxc6 bxc6
21. a3 1/2-1/2

[Event "Hessen Senioren-ch 2012  8th"]
[Site "Bad Sooden-Adf. (14.4.-22.4)"]
[Date "2012.04.19"]
[Round "6.83"]
[White "Wauer, Klaus"]
[Black "Briesemeister, Klaus"]
[Result "0-1"]
[WhiteElo "1362"]
[BlackElo "1553"]
[PlyCount "40"]
[EventDate "2012.04.??"]
[EventType "swiss"]
[EventRounds "9"]
[EventCountry "GER"]
[WhiteTeam "Nordhausen 51 SC"]
[BlackTeam "Lingen SV"]

1. e4 c6 2. d4 d5 3. Nc3 dxe4 4. Nxe4 Bf5 5. Ng3 Bg6 6. Nf3 Nd7 7. Bd3 e6 8.
Bxg6 hxg6 9. c3 Bd6 10. Ne4 Qe7 11. Nxd6+ Qxd6 12. Qb3 O-O-O 13. g3 Qd5 14.
Qxd5 exd5 15. Be3 f6 16. O-O-O Ne7 17. g4 Rh3 18. Ng1 Rh7 19. Re1 Re8 20. Bf4
g5 0-1

[Event "Hessen Senioren-ch 2012  8th"]
[Site "Bad Sooden-Adf. (14.4.-22.4)"]
[Date "2012.04.19"]
[Round "6.84"]
[White "Winkler, Werner"]
[Black "Brahn, Helmut"]
[Result "0-1"]
[WhiteElo "1513"]
[BlackElo "1591"]
[PlyCount "80"]
[EventDate "2012.04.??"]
[EventType "swiss"]
[EventRounds "9"]
[EventCountry "GER"]
[WhiteTeam "Bad Sooden-Allendorf SK"]
[BlackTeam "Burghaun SG"]

1. e4 c5 2. Bc4 d6 3. Nc3 Nf6 4. h3 a6 5. a3 e6 6. Nf3 Nc6 7. d3 Be7 8. O-O Bd7
9. Be3 O-O 10. d4 cxd4 11. Nxd4 Rc8 12. Ba2 Qc7 13. Nde2 b5 14. Rc1 Rfe8 15.
Ng3 h6 16. Nce2 Qb7 17. c4 Ne5 18. cxb5 Bxb5 19. Bb1 Nc4 20. Qb3 Nxe3 21. Qxe3
Rxc1 22. Rxc1 Rc8 23. Rxc8+ Qxc8 24. Nc3 Bc6 25. Bd3 Nd7 26. Qe2 Nc5 27. Bc4
Bb7 28. b4 Nd7 29. Nd1 Ne5 30. Ne3 Bg5 31. Ngf1 Nxc4 32. Nxc4 Be7 33. Ng3 Bc6
34. Qg4 Bb5 35. Ne3 Qc1+ 36. Kh2 Qxa3 37. Nh5 Bf8 38. e5 dxe5 39. Qg3 Qxb4 40.
Qxe5 Bd6 0-1

[Event "Hessen Senioren-ch 2012  8th"]
[Site "Bad Sooden-Adf. (14.4.-22.4)"]
[Date "2012.04.19"]
[Round "6.85"]
[White "Kleist, Werner(35)"]
[Black "Mittelstaedt, Ewald"]
[Result "1/2-1/2"]
[WhiteElo "1480"]
[BlackElo "1405"]
[PlyCount "62"]
[EventDate "2012.04.??"]
[EventType "swiss"]
[EventRounds "9"]
[EventCountry "GER"]
[WhiteTeam "GER/Berlin"]
[BlackTeam "München Tarrasch SC"]

1. b4 d5 2. Bb2 Bf5 3. e3 e6 4. b5 Nd7 5. c4 Ngf6 6. Nf3 Be7 7. a4 O-O 8. Be2
h6 9. O-O a6 10. Nc3 c5 11. bxa6 bxa6 12. a5 Qc7 13. cxd5 exd5 14. d4 c4 15.
Qd2 Rfe8 16. Ne5 Bd6 17. f4 Bb4 18. Qd1 Bxa5 19. g4 Bxc3 20. Bxc3 Be4 21. g5
hxg5 22. fxg5 Nh7 23. Nxf7 Rf8 24. Bh5 g6 25. Nh6+ Kg7 26. Bf3 Nxg5 27. Ba5 Qd6
28. Bxe4 Rxf1+ 29. Qxf1 Rf8 30. Qg2 Kxh6 31. Bxd5 Nf6 1/2-1/2

[Event "Hessen Senioren-ch 2012  8th"]
[Site "Bad Sooden-Adf. (14.4.-22.4)"]
[Date "2012.04.19"]
[Round "6.86"]
[White "Barlo, Werner"]
[Black "Geist, Wolfgang"]
[Result "1-0"]
[WhiteElo "1594"]
[BlackElo "1348"]
[PlyCount "69"]
[EventDate "2012.04.??"]
[EventType "swiss"]
[EventRounds "9"]
[EventCountry "GER"]
[WhiteTeam "Berlin Zehlendorf SK"]
[BlackTeam "Artern 90 SSV"]

1. d4 d5 2. c4 c6 3. cxd5 cxd5 4. Nf3 Nf6 5. Nc3 Nc6 6. e3 e6 7. Bd3 Bd6 8. O-O
O-O 9. a3 a6 10. b4 b5 11. Bb2 Bb7 12. Rc1 Rc8 13. Re1 e5 14. Bf5 Rc7 15. e4
dxe4 16. Nxe4 Nxe4 17. Bxe4 exd4 18. Nxd4 Ne7 19. Bxb7 Rxb7 20. Qg4 Ng6 21. Nf5
Bf4 22. Rcd1 Qg5 23. Qf3 Rbb8 24. Rd5 Bxh2+ 25. Kxh2 Qf4+ 26. Qxf4 Nxf4 27. Rd6
Ne6 28. Re3 h6 29. Rg3 Kh7 30. Nxg7 Ng5 31. Re3 Rbd8 32. Rxd8 Rxd8 33. f4 Ne6
34. Nxe6 fxe6 35. Rxe6 1-0

[Event "Hessen Senioren-ch 2012  8th"]
[Site "Bad Sooden-Adf. (14.4.-22.4)"]
[Date "2012.04.19"]
[Round "6.87"]
[White "Tomas, Johann"]
[Black "Groener, Marga"]
[Result "1-0"]
[WhiteElo "1567"]
[BlackElo "1333"]
[PlyCount "45"]
[EventDate "2012.04.??"]
[EventType "swiss"]
[EventRounds "9"]
[EventCountry "GER"]
[WhiteTeam "Bad Sooden-Allendorf SK"]
[BlackTeam "Freibauer Wedemark"]

1. d4 d5 2. e3 Bf5 3. Nc3 e6 4. a3 h6 5. Bd3 Bxd3 6. Qxd3 Nf6 7. Nf3 c6 8. O-O
Bd6 9. Ne5 O-O 10. b4 a6 11. f4 b5 12. Rf3 Qc7 13. e4 Re8 14. Rh3 Nh7 15. Qg3
Kh8 16. Bd2 Rg8 17. exd5 cxd5 18. Rf1 Bxe5 19. fxe5 Nc6 20. Ne2 Raf8 21. Qh4
Qe7 22. Qh5 f6 23. Nf4 1-0